Our Song (Lyrics)- Taylor Swift - Statistics

General Stats
  • This quiz has been taken 20 times
  • The average score is 331 of 369
Answer Stats
Answer % Correct
a
100%
an
100%
And
100%
and
100%
door
100%
I
100%
is
100%
Our
100%
our
100%
song"
100%
song
100%
talk
100%
the
100%
The
100%
When
100%
when
100%
window
100%
you
100%
your
100%
as
93%
date
93%
don't
93%
first
93%
He
93%
he
93%
his
93%
In
93%
it
93%
it's
93%
kiss
93%
know
93%
late
93%
my
93%
of
93%
on
93%
out
93%
phone
93%
real
93%
screen
93%
slamming
93%
slow
93%
tapping
93%
way
93%
we
93%
we're
93%
again
87%
"Amen"
87%
Askin'
87%
"Baby
87%
car
87%
'Cause
87%
could
87%
didn't
87%
for
87%
front
87%
God
87%
hair
87%
hand
87%
have
87%
have"
87%
heart
87%
her
87%
home
87%
if
87%
laugh
87%
mama
87%
one-
87%
other
87%
play
87%
Play
87%
porch
87%
radio
87%
ridin'
87%
said
87%
say
87%
seat
87%
shotgun
87%
should
87%
Sneakin'
87%
somethin'
87%
something
87%
steering
87%
that
87%
That
87%
to
87%
turn
87%
undone
87%
was
87%
wheel
87%
with
87%
wrong?"
87%
wrong
87%
all
80%
come
80%
down
80%
good
80%
got
80%
Got
80%
He's
80%
How
80%
just
80%
look
80%
"Man
80%
"Nothin'
80%
notice
80%
oh
80%
Oh-oh
80%
roses
80%
says
80%
thinkin'
80%
walking
80%
After
73%
almost
73%
along
73%
around
73%
away
73%
bed
73%
day
73%
every
73%
everything
73%
feel
73%
'fore
73%
I've
73%
lost
73%
note
73%
talks
73%
thrown
73%
album
67%
been
67%
Had
67%
hallway
67%
him
67%
listened
67%
lovin'
67%
pen
67%
steps
67%
trampled
67%
up
67%
well
67%
wrote
67%
gone
60%
grabbed
60%
heard
60%
laughs
60%
yeah
60%
napkin
53%
old
53%
Waited
40%
No matching quizzes found
Score Distribution
Percent of People with Each Score
Percentile by Number Answered
Your Score History
You have not taken this quiz